000 00428nam a22001817a 4500
003 MPLRDC
005 20220104143914.0
008 210129b ||||| |||| 00| 0 eng d
082 _a857.623 YG-20 v.6
100 _a余过
245 _a奴隶国
_c
250 _a初版
260 _a
_b勤+ 缘出版社
_c1997
300 _b
490 _a四人夜话之六
650 _a灵异小说
942 _cBK
_o857.623 YG-20 v.6
999 _c44496
_d44486